<?xml version="1.0" encoding="UTF-8"?><?xml-stylesheet type="text/xsl" href="static/style.xsl"?><OAI-PMH xmlns="http://www.openarchives.org/OAI/2.0/" xmlns:xsi="http://www.w3.org/2001/XMLSchema-instance" xsi:schemaLocation="http://www.openarchives.org/OAI/2.0/ http://www.openarchives.org/OAI/2.0/OAI-PMH.xsd"><responseDate>2026-04-14T04:16:40Z</responseDate><request verb="GetRecord" identifier="oai:www.recercat.cat:20.500.12327/1579" metadataPrefix="marc">https://recercat.cat/oai/request</request><GetRecord><record><header><identifier>oai:recercat.cat:20.500.12327/1579</identifier><datestamp>2025-10-22T11:28:29Z</datestamp><setSpec>com_2072_4428</setSpec><setSpec>com_2072_4427</setSpec><setSpec>col_2072_487898</setSpec></header><metadata><record xmlns="http://www.loc.gov/MARC21/slim" xmlns:dcterms="http://purl.org/dc/terms/" xmlns:xsi="http://www.w3.org/2001/XMLSchema-instance" xmlns:doc="http://www.lyncode.com/xoai" xsi:schemaLocation="http://www.loc.gov/MARC21/slim http://www.loc.gov/standards/marcxml/schema/MARC21slim.xsd">
   <leader>00925njm 22002777a 4500</leader>
   <datafield ind2=" " ind1=" " tag="042">
      <subfield code="a">dc</subfield>
   </datafield>
   <datafield ind2=" " ind1=" " tag="720">
      <subfield code="a">Carreras-Sempere, Mar</subfield>
      <subfield code="e">author</subfield>
   </datafield>
   <datafield ind2=" " ind1=" " tag="720">
      <subfield code="a">Caceres, Rafaela</subfield>
      <subfield code="e">author</subfield>
   </datafield>
   <datafield ind2=" " ind1=" " tag="720">
      <subfield code="a">Viñas, Marc</subfield>
      <subfield code="e">author</subfield>
   </datafield>
   <datafield ind2=" " ind1=" " tag="720">
      <subfield code="a">Biel, Carmen</subfield>
      <subfield code="e">author</subfield>
   </datafield>
   <datafield ind2=" " ind1=" " tag="260">
      <subfield code="c">2021-10-28</subfield>
   </datafield>
   <datafield ind2=" " ind1=" " tag="520">
      <subfield code="a">Struvite and ammonium nitrate are products obtained from widely studied processes to remove phosphorus (P) and nitrogen (N) from waste streams. To boost circularity in horticulture, these recovered products should be applied to edible crops. Particularly, struvite has not been implemented in fertigation as the unique source of P fertilizer. Therefore, a soilless system greenhouse experiment was conducted for tomato crops during two growing seasons. This study aims to compare the agronomic and environmental effectiveness of recovered products used in a nutrient solution for fertigation (NS) to synthetic fertilizer treatment. Moreover, two different N concentrations of the NS were tested to evaluate the impact on the N-leaching. Additionally, struvite dissolution tests were performed to ensure its solubility. Satisfactory results of struvite solubilization were obtained. Results show that both nutrient-recovered products can be used as fertilizers in NS, due to their non-statistical significance in total yield production and fruit quality. However, ammonium nitrate treatment, depending on the crop variety, showed a lower marketable yield. Moreover, the variation on N concentration input exhibited leachate concentration differences, with N leached percentage values from 36 to 13%. These results give deeper insights into the future potential utilization of nutrient-recovered products and technical data to optimize fertigation strategies.</subfield>
   </datafield>
   <datafield ind1="8" ind2=" " tag="024">
      <subfield code="a">Carreras-Sempere, Mar, Rafaela Caceres, Marc Viñas, and Carmen Biel. 2021. "Use Of Recovered Struvite And Ammonium Nitrate In Fertigation In Tomato (Lycopersicum Esculentum) Production For Boosting Circular And Sustainable Horticulture". Agriculture 11 (11): 1063. doi:10.3390/agriculture11111063.</subfield>
   </datafield>
   <datafield ind1="8" ind2=" " tag="024">
      <subfield code="a">1338-4376</subfield>
   </datafield>
   <datafield ind1="8" ind2=" " tag="024">
      <subfield code="a">http://hdl.handle.net/20.500.12327/1579</subfield>
   </datafield>
   <datafield ind1="8" ind2=" " tag="024">
      <subfield code="a">https://doi.org/10.3390/agriculture11111063</subfield>
   </datafield>
   <datafield ind2="0" ind1="0" tag="245">
      <subfield code="a">Use of Recovered Struvite and Ammonium Nitrate in Fertigation in Tomato (Lycopersicum esculentum) Production for boosting Circular and Sustainable Horticulture</subfield>
   </datafield>
</record></metadata></record></GetRecord></OAI-PMH>